<?xml version="1.0" encoding="UTF-8"?>
<record
    xmlns:xsi="http://www.w3.org/2001/XMLSchema-instance"
    xsi:schemaLocation="http://www.loc.gov/MARC21/slim http://www.loc.gov/standards/marcxml/schema/MARC21slim.xsd"
    xmlns="http://www.loc.gov/MARC21/slim">

  <leader>00991nam a2200241 a 4500</leader>
  <controlfield tag="001">79031</controlfield>
  <controlfield tag="003">BD-RjUL</controlfield>
  <controlfield tag="005">20211220114144.0</controlfield>
  <controlfield tag="008">211220s2019    bg ||||| |||| 00| 0 ben d</controlfield>
  <datafield tag="020" ind1=" " ind2=" ">
    <subfield code="a">9844381452</subfield>
    <subfield code="c">: Tk. 400.00</subfield>
  </datafield>
  <datafield tag="035" ind1=" " ind2=" ">
    <subfield code="a">(BD-RjUL)79031</subfield>
  </datafield>
  <datafield tag="040" ind1=" " ind2=" ">
    <subfield code="a">BD-RjUL</subfield>
    <subfield code="b">eng</subfield>
    <subfield code="c">BD-RjUL</subfield>
  </datafield>
  <datafield tag="041" ind1=" " ind2=" ">
    <subfield code="a">ben</subfield>
  </datafield>
  <datafield tag="082" ind1=" " ind2=" ">
    <subfield code="2">23</subfield>
    <subfield code="a">297.63</subfield>
    <subfield code="b">SAB 2019</subfield>
  </datafield>
  <datafield tag="100" ind1=" " ind2=" ">
    <subfield code="a">&#x9B8;&#x9BE;&#x9B2;&#x9BE;&#x9B9;&#x9BF;, &#x986;&#x9A6;&#x9BF;&#x9B2; </subfield>
    <subfield code="9">265</subfield>
  </datafield>
  <datafield tag="245" ind1=" " ind2=" ">
    <subfield code="a">&#x9AE;&#x9BE;&#x9A8;&#x9C1;&#x9B7; &#x993; &#x9B0;&#x9B8;&#x9C1;&#x9B2; &#x9AE;&#x9C1;&#x9B9;&#x9BE;&#x9AE;&#x9CD;&#x9AE;&#x9A6; &#x9B8;&#x9BE;&#x9B2;&#x9CD;&#x9B2;&#x9BE;&#x9B2;&#x9CD;&#x9B2;&#x9BE;&#x9B9;&#x9C1; &#x986;&#x9B2;&#x9BE;&#x987;&#x9B9;&#x9BF; &#x993;&#x9AF;&#x9BC;&#x9BE;&#x9B8;&#x9BE;&#x9B2;&#x9CD;&#x9B2;&#x9BE;&#x9AE; /</subfield>
    <subfield code="c">&#x986;&#x9A6;&#x9BF;&#x9B2; &#x9B8;&#x9BE;&#x9B2;&#x9BE;&#x9B9;&#x9BF; ; &#x986;&#x9AC;&#x9C1; &#x99C;&#x9BE;&#x9AB;&#x9B0; &#x985;&#x9A8;&#x9C2;&#x9A6;&#x9BF;&#x9A4;</subfield>
  </datafield>
  <datafield tag="260" ind1=" " ind2=" ">
    <subfield code="a">&#x9A2;&#x9BE;&#x995;&#x9BE; :</subfield>
    <subfield code="b">&#x996;&#x9CB;&#x9B6;&#x9B0;&#x9CB;&#x99C; &#x995;&#x9BF;&#x9A4;&#x9BE;&#x9AC; &#x9AE;&#x9B9;&#x9B2; &#x9B2;&#x9BF;:,</subfield>
    <subfield code="c">&#x9E8;&#x9E6;&#x9E7;&#x9EF;</subfield>
  </datafield>
  <datafield tag="300" ind1=" " ind2=" ">
    <subfield code="a">&#x9E7;&#x9E6;&#x9ED;&#x9EE; &#x9AA;&#x9C3;.;</subfield>
    <subfield code="c">&#x9E8;&#x9E8; &#x9B8;&#x9C7;&#x9AE;&#x9BF;.</subfield>
  </datafield>
  <datafield tag="600" ind1=" " ind2=" ">
    <subfield code="a">&#x9AE;&#x9C1;&#x9B9;&#x9BE;&#x9AE;&#x9CD;&#x9AE;&#x9A6;, </subfield>
    <subfield code="c">&#x9A8;&#x9AC;&#x9C0;,</subfield>
    <subfield code="d">&#x9EC;&#x9E9;&#x9E8;</subfield>
    <subfield code="9">266</subfield>
  </datafield>
  <datafield tag="600" ind1=" " ind2=" ">
    <subfield code="a">Mu&#x1E25;ammad, </subfield>
    <subfield code="c">Prophet, </subfield>
    <subfield code="d">632</subfield>
    <subfield code="9">267</subfield>
  </datafield>
  <datafield tag="700" ind1=" " ind2=" ">
    <subfield code="a">&#x99C;&#x9BE;&#x9AB;&#x9B0;, &#x986;&#x9AC;&#x9C1; </subfield>
    <subfield code="9">268</subfield>
  </datafield>
  <datafield tag="942" ind1=" " ind2=" ">
    <subfield code="2">ddc</subfield>
    <subfield code="c">BK</subfield>
  </datafield>
  <datafield tag="999" ind1=" " ind2=" ">
    <subfield code="c">79031</subfield>
    <subfield code="d">79031</subfield>
  </datafield>
  <datafield tag="952" ind1=" " ind2=" ">
    <subfield code="0">0</subfield>
    <subfield code="1">0</subfield>
    <subfield code="2">ddc</subfield>
    <subfield code="4">0</subfield>
    <subfield code="7">1</subfield>
    <subfield code="8">NFIC</subfield>
    <subfield code="a">RUCL</subfield>
    <subfield code="b">RUCL</subfield>
    <subfield code="c">Reading</subfield>
    <subfield code="d">2021-12-13</subfield>
    <subfield code="e">Dhaka : Center for National Culture </subfield>
    <subfield code="g">800.00</subfield>
    <subfield code="o">B 297.63 SAB 2019</subfield>
    <subfield code="r">2021-12-20 00:00:00</subfield>
    <subfield code="t">C-1</subfield>
    <subfield code="y">BK</subfield>
  </datafield>
  <datafield tag="952" ind1=" " ind2=" ">
    <subfield code="0">0</subfield>
    <subfield code="1">0</subfield>
    <subfield code="2">ddc</subfield>
    <subfield code="4">0</subfield>
    <subfield code="7">0</subfield>
    <subfield code="8">NFIC</subfield>
    <subfield code="a">RUCL</subfield>
    <subfield code="b">RUCL</subfield>
    <subfield code="c">GEN</subfield>
    <subfield code="d">2021-12-13</subfield>
    <subfield code="e">Dhaka : Center for National Culture </subfield>
    <subfield code="g">800.00</subfield>
    <subfield code="l">7</subfield>
    <subfield code="o">B 297.63 SAB 2019</subfield>
    <subfield code="r">2026-02-24 00:00:00</subfield>
    <subfield code="s">2026-02-08</subfield>
    <subfield code="t">C-2</subfield>
    <subfield code="y">BK</subfield>
  </datafield>
</record>
